Diagnostika vybraných závislostí duševného vlastníctva a výkonnosť podnikov

Potenciál využitia produktov duševného vlastníctva, najmä nástroje právnej úpravy dočasného monopolu na výsadné využívanie časti produktov duševného vlastníctva.

Gespeichert in:
Bibliographische Detailangaben
1. Verfasser: Matušovič, Martin
Format: Buchkapitel
Sprache:Slowakisch
Schlagworte:
Tags: Tag hinzufügen
Keine Tags, Fügen Sie das erste Tag hinzu!

MARC

LEADER 00000nla a2200000 4500
001 0166204
005 20240522091339.2
041 0 |a slo 
044 |a SK 
245 1 0 |a Diagnostika vybraných závislostí duševného vlastníctva a výkonnosť podnikov  |c Martin Matušovič 
520 |a Potenciál využitia produktov duševného vlastníctva, najmä nástroje právnej úpravy dočasného monopolu na výsadné využívanie časti produktov duševného vlastníctva. 
610 2 0 |a vlastníctvo duševné 
610 2 0 |a vlastníctvo priemyselné 
610 2 0 |a právo patentové 
610 2 0 |a právo značkové 
610 2 0 |a vzory priemyselné 
610 2 0 |a ochrana práv priemyselných 
100 1 |a Matušovič, Martin